Vista normal Vista MARC

Entrada Materia (corporativa)

Número de registros utilizados en: 1

001 - CONTROL NUMBER

  • control field: 63213

003 - CONTROL NUMBER IDENTIFIER

  • control field: Co-BoUCM

005 - DATE AND TIME OF LATEST TRANSACTION

  • control field: 20140721114028.0

008 - FIXED-LENGTH DATA ELEMENTS

  • fixed length control field: 140721|| aca||aabn | a|a d

040 ## - CATALOGING SOURCE

  • Original cataloging agency: Co-BoUCM
  • Transcribing agency: Co-BoUCM

110 ## - HEADING--CORPORATE NAME

  • Corporate name or jurisdiction name as entry element: Universidad Externado de Colombia
  • Subordinate unit: Facultad de Administración de Empresas
  • Subordinate unit: Centro de pensamiento estratégico y prospectiva

670 ## - SOURCE DATA FOUND

  • Source citation: Work cat.: (Co-BoUCM)273722: Glenn, Jerome C. 63210, Estado del futuro 2006, 2006